Théorie générale des obligations.

Salvato in:
Dettagli Bibliografici
Autore principale: Gaudemet, Eugène (autor)
Natura: Libro
Pubblicazione: París, France: Dalloz, 2004.
Soggetti:
Tags: Aggiungi Tag
Nessun Tag, puoi essere il primo ad aggiungerne!!

MARC

LEADER 00000nam a2200000 a 4500
001 UCS1314
003 CL-VaPUC
005 20220822114547.0
008 220706t2004 ||||| |||| 00| 0 eng d
999 |c 436732  |d 436730 
040 |c Pontificia Universidad Católica de Valparaíso 
082 0 4 |a 346.02 GAU 2004  |2 21 
100 0 |a Gaudemet, Eugène  |e autor  |9 385664 
245 1 0 |a Théorie générale des obligations. 
260 |a París, France:  |b Dalloz,   |c 2004. 
300 |a 508 páginas. 
500 |a c.1 Donación Familia Prof. Alejandro Guzmán Brito. 
583 |a last modification  |c 19970509 00:00:00  |k Cristina María Rojas Aguilar 
650 0 |a Derecho civil  |9 255013 
650 0 |a Obligaciones   |9 255578 
650 0 |a Contratos  |9 255153 
650 7 |a Responsabilidad civil  |2 CL-VaPUC  |9 385665 
650 0 |a Cuasicontratos  |9 385637 
942 |c BK  |2 ddc  |n 0 
952 |0 0  |1 0  |2 ddc  |4 0  |6 346_020000000000000_GAU_2004  |7 1  |8 C_AGB  |9 584429  |a BIBDER  |b BIBDER  |d 2022-07-06  |e Donación   |i 5652543  |o 346.02 GAU 2004  |p 5652543  |r 2023-01-25  |t 1  |w 2022-07-06  |y BK_US  |k AGB